00542nam a22001937a 450000500170000001000130001702000100003003500130004003700160005304000120006908200110008110000180009224500470011026000360015727000500019330000250024365000570026865000230032520170124110125.0 aA-997893 c00.00 aA-997893 bCen Lib/Ret aDPLbEN aNbGUR aGurung, D. B. aEchoes of the Himalayas /cby D. B. Gurung aNew DelhibUBS Publishersc2000 bNew Delhia5, Ansari Road, Darya Ganje110002 axii,201p. c22cm(Hb) aNepal -- Politics and government -- 1990- -- Fiction aGurkhas -- Fiction